| 000 | 00707cam a22002531 4500 | ||
|---|---|---|---|
| 001 | sa 67007155 | ||
| 003 | DLC | ||
| 005 | 20260227112413.0 | ||
| 008 | 900202s1965 ii a 000 1 tamo | ||
| 010 | _asa 67007155 | ||
| 035 | _a(OCoLC)20992007 | ||
| 040 |
_aDLC _cWaU _dDLC |
||
| 042 | _apremarc | ||
| 043 | _aa-ii--- | ||
| 050 | 0 | 0 |
_aPL4758.9.R336 _bV5 |
| 100 | 1 |
_aRāmanātan̲, Aru., _d1924-1974. |
|
| 245 | 1 | 0 | _aVīrapāṇṭiyaṇ man̲aivi. |
| 260 | _c[1965?] | ||
| 300 |
_a3 v. _billus. _c22 cm. |
||
| 500 | _aIn Tamil. | ||
| 500 | _aA novel. | ||
| 600 | 0 | 0 |
_aKulottunga _bIII, _cChola King, _dactive 1178-1216 _vFiction. |
| 600 | 0 | 0 |
_aVira Pandya _cPandya King, _dactive 12th century _vFiction. |
| 999 |
_c76400 _d76400 |
||